| 000 | 00352nam a2200133Ia 4500 | ||
|---|---|---|---|
| 008 | 220613s9999||||xx |||||||||||||| ||und|| | ||
| 100 | _aBharma B R Maheshananda Swami | ||
| 245 | 0 | _aBrahmananda Commentary on Hathapradipika Jyotsna | |
| 250 | _a1st(2011) Rep 2012 | ||
| 260 | _bKaivalyadhama Lonavia | ||
| 300 | _a482 | ||
| 650 | _aYoga | ||
| 942 | _cGB | ||
| 999 |
_c11147 _d11147 |
||